000
00261nam a2200109Ia 4500
005
20251222114347.0
008
251222s1900||||xx |||||||||||||| ||spa||
082
_a
DVD0093/T18
245
0
_a
El bambú mágico.
264
_b
Tamashiro tokashiki, Felix
942
_c
DVD
999
_c
1102
_d
1102